000 01050nam a22002897a 4500
005 20220817043631.0
008 000309d1992 mx a r 00010 spa d
010 _a80233
011 _a81205
035 _a91670
090 _aFolleto 15698
110 2 _aFundación Friedrich Ebert. México
_943984
245 1 0 _aEducación ambiental :
_bdesde Río hacia las sociedades sustentables y de responsabilidad global
_c/por Fundación Friedrich Ebert
260 _aMéxico, D.F. :
_bFundación Friedrich Ebert,
_c1992.
300 _a39 p.
_b.
590 _aBATCH-UPD
_b10
_c20130110
_lUCH01
_h1927
590 _aBATCH-UPD
_b10
_c20130410
_lUCH01
_h1251
590 _aBATCH-UPD
_b10
_c20130914
_lUCH01
_h1159
590 _aCONVERSION
_b10
_c20130109
_lUCH01
_h1345
650 1 4 _aDesarrollo sustentable.
650 1 4 _aEducación ambiental.
_935556
650 1 4 _aMedio ambiente
_xProtección.
_974106
790 _aCosta de la Tierra
790 _aDeclaración de Río sobre el Medio Ambiente y el Desarrollo
901 _aBK
905 _aAlejandra Carrasco M.
999 _c80233
_d80233